Central Library OPAC University of Rajshahi

Electrical drawing for National Certificate students / (Record no. 16589)

MARC details
000 -LEADER
fixed length control field 00676nam a22002172 4500
001 - CONTROL NUMBER
control field 16589
003 - CONTROL NUMBER IDENTIFIER
rucl marc code BD-RjUL
005 - DATE AND TIME OF LATEST TRANSACTION
control field 20211209000028.0
008 - FIXED-LENGTH DATA ELEMENTS--GENERAL INFORMATION
fixed length control field 140215s1963 xxk 001 0 eng d
035 ## - SYSTEM CONTROL NUMBER
System control number (BD-RjUL)16644
-- OCLC ocm30243491 from D970905M
040 ## - CATALOGING SOURCE
Original cataloging agency UKM
Transcribing agency UKM
Modifying agency EQO
-- BD-RjUL
Language of cataloging eng
041 ## - LANGUAGE CODE
Language code of text/sound track or separate title eng
082 04 - DEWEY DECIMAL CLASSIFICATION NUMBER
Classification number 604.26213
Edition number 18
Author mark and year HEE 1963
100 1# - MAIN ENTRY--PERSONAL NAME
Personal name Hewitt, Thomas Herdman.
9 (RLIN) 51247
245 10 - TITLE STATEMENT
Title Electrical drawing for National Certificate students /
Statement of responsibility, etc. Thomas Herdman Hewitt.
260 ## - PUBLICATION, DISTRIBUTION, ETC. (IMPRINT)
Place of publication, distribution, etc. London :
Name of publisher, distributor, etc. Cleaver-Hume Press,
Date of publication, distribution, etc. 1963.
300 ## - PHYSICAL DESCRIPTION
Pagination 168 p. :
Illustrations ill. ;
Size 25 cm.
504 ## - BIBLIOGRAPHY, ETC. NOTE
Bibliography, etc Includes index.
650 #0 - SUBJECT ADDED ENTRY--TOPICAL TERM
Topical term or geographic name as entry element Electrical drawing
9 (RLIN) 51248
942 ## - ADDED ENTRY ELEMENTS (KOHA)
Source of classification or shelving scheme Dewey Decimal Classification
Koha item type Books
Holdings
Lost status Source of classification or shelving scheme Damaged status Not for loan Collection code Permanent Location Current Location Shelving location Date acquired Source of acquisition Cost, normal purchase price Total Checkouts Full call number Date last seen Copy number Koha item type
  Dewey Decimal Classification     Non-fiction Central Library, University of Rajshahi Central Library, University of Rajshahi   25/07/1973 Continental Publications. 21.00   604.26213 HEE 1963 15/02/2014 C-2 Books
  Dewey Decimal Classification   Not For Loan Non-fiction Central Library, University of Rajshahi Central Library, University of Rajshahi Reading Room 25/07/1973 Continental publications 21.00   604.26213 HEE 1963 04/02/2020 C-1 Books